000 00748nmm a2200253 a 4500
003 AR-BaBNM
005 20251128204250.0
008 257019s1940 ||||||||||||||000 | spa||
040 _cAR-BaBNM
100 1 _aRuiz Moreno, Isidoro
245 1 0 _aDerecho internacional público
_n2
250 _a2ª ed. aum. y corr.
260 _aBuenos Aires
_bImprenta de la Universidad
_c1940
300 0 _a428 p.
500 0 _aIndice p. 425-428
504 _aContiene bibliografía del autor, sobre derecho y ciencias sociales
650 4 _aDERECHO INTERNACIONAL PUBLICO
650 4 _aRELACIONES INTERNACIONALES
650 4 _aSOBERANIA
651 4 _aAmérica Latina
700 1 _aRuiz Moreno, Isidoro
_ecolaborador
942 _cBK
998 _cAndrea
999 _c6778
_d6778